Wordt geladen...

Teaching of commerce

Bibliografische gegevens
Hoofdauteur: Khan, M S
Formaat: Printed Book
Taal:English
Gepubliceerd in:
Onderwerpen:
LEADER 00370nam a2200121Ia 4500
008 101008s9999 xx 000 0 eng d
100 |a Khan, M S 
245 |a Teaching of commerce 
260 |a 0 
650 |a Social Science Teaching 
942 |c BK 
999 |c 181124  |d 181124 
952 |0 0  |1 0  |4 0  |7 0  |9 200416  |a EDU  |b EDU  |c ST1  |d 2010-10-20  |i 2599  |l 1  |p EDU2599  |r 2012-01-19  |s 2011-06-07  |w 2010-10-20  |y BK